MESTSKÁ KNIŽNICA GIRALTOVCE  - online katalóg 

Starodávne piesne rádu pijanského (Record no. 15202)

000 -NÁVESTIE
fixed length control field 01030nam a2200277 a 4500
008 - ÚDAJE S PEVNOU DĹŽKOU – VŠEOBECNÉ INFORMÁCIE
fixed length control field 951027s1990||||[C 0 slo c
020 ## - MEDZINÁRODNÉ ŠTANDARDNÉ ČÍSLO KNIHY (ISBN)
Medzinárodné štandardné číslo knihy (ISBN) 8022201456
Údaje o dostupnosti 18 Kčs.
Qualifying information (2500 výtl.)
040 ## - ZDROJ KATALOGIZÁCIE
Pôvodná katalogizujúca agentúra SNK
Jazyk katalogizácie slo
Prepisujúca agentúra SNK
Konvencie popisu AACR2
041 1# - KÓD JAZYKA
Kód jazyka textu/zvukovej stopy alebo samostatných nápisov slo
Kód jazyka originálu a/alebo sprostredkujúcich prekladov textu lat
044 ## - KÓD KRAJINY VYDAVATEĽA/PRODUCENTA
Kód krajiny MARC xo
Kód krajiny ISO SK
080 ## - ČÍSLO MEDZINÁRODNÉHO DESATINNÉHO TRIEDENIA (MDT)
Číslo Medzinárodného desatinného triedenia (MDT) 885.4-1(082)
100 1# - OSOBNÉ MENÁ – VŠEOBECNÉ INFORMÁCIE
Osobné meno Minárik, Jozef
Kód roly aut
245 10 - NÁZOV
Názov Starodávne piesne rádu pijanského
Zvyšok názvu Antológia anonymnej latinskej pijanskej lyriky (druhá polovica 14. storočia - druhá polovica 19. storočia)
Údaj o zodpovednosti atď. Jozef Minárik ; Jozef Minárik, Jozef Minárik, Jozef Minárik, Jozef Minárik, Igor Imro, Jozef Minárik
250 ## - ÚDAJ O PORADÍ VYDANIA
Údaj o poradí vydania 1., vyd.
260 ## - VYDAVATEĽSKÉ ÚDAJE, DISTRIBÚCIA ATĎ.
Miesto publikovania, distribúcie atď. Bratislava
Názov vydavateľa, distibútora atď. Tatran
Dátum publikovania, distribúcie atď. 1990
Miesto výroby Bratislava
Výrobca Pravda
300 ## - FYZICKÝ POPIS
Rozsah 136 s., 7,14 AH
Ďalšie fyzické detaily Fot.
Rozmery 20 cm
490 0# - EDÍCIA
Edícia Hviezdoslavova knižnica
Zväzok/sekvenčné označenie Zv. 313.
500 ## - VŠEOBECNÁ POZNÁMKA
Formátovaná poznámka o obsahu Vysvetl.
700 1# - PRIDANÝ VSTUP – OSOBNÉ MENO
Osobné meno Minárik, Jozef
Kód roly com
700 1# - PRIDANÝ VSTUP – OSOBNÉ MENO
Osobné meno Minárik, Jozef
Kód roly trl
700 1# - PRIDANÝ VSTUP – OSOBNÉ MENO
Osobné meno Minárik, Jozef
Kód roly [ADC]
700 1# - PRIDANÝ VSTUP – OSOBNÉ MENO
Osobné meno Minárik, Jozef
Kód roly bkd
700 1# - PRIDANÝ VSTUP – OSOBNÉ MENO
Osobné meno Imro, Igor
Kód roly bkd
700 1# - PRIDANÝ VSTUP – OSOBNÉ MENO
Osobné meno Minárik, Jozef
Kód roly oth
958 ## - Formálny deskriptor
Formálny deskriptor A
Holdings
Stav stiahnutia (Blokovanie) (Withrawn status) Stav straty Stav poškodenia (Damaged status) Nie pre výpožičky (Not for loan) Spôsob nadobudnutia (Collection code) Trvalé umiestnenie Aktuálne umiestnenie Dátum nadobudnutia Náklady, bežná kúpna cena Inventárne číslo (prírastkové číslo) Full call number Dátum posledného výskytu Cena s účinnosťou od Typ jednotky Koha
        Kúpa Mestská knižnica Giraltovce Mestská knižnica Giraltovce 2019-11-29 18.00 14238 I 0298 2019-11-29 2019-11-29 Odborná literatúra pre dospelých

Powered by Koha